| 000 | 00451pab a2200157 454500 | ||
|---|---|---|---|
| 008 | 180718b2002 xxu||||| |||| 00| 0 eng d | ||
| 100 | _aMurray, Michael | ||
| 245 | _aSocial representations of health and illness: qualitative methods and related theories - an introduction | ||
| 260 | _c2002 | ||
| 300 | _ap.555-58. | ||
| 362 | _aDec | ||
| 650 | _aHealth services | ||
| 700 | _aFlick, Uwe | ||
| 773 | _aSocial Science Information | ||
| 909 | _a55257 | ||
| 999 |
_c55257 _d55257 |
||